[Event "Olympiad Women 2024"]
[Site "Budapest HUN"]
[Date "2024.09.22"]
[Round "11.53"]
[Board "1"]
[White "Fabra, Nahiara"]
[Black "Ghitza, Elena"]
[Result "1-0"]
[WhiteElo "1932"]
[BlackElo "1817"]
[PlyCount "91"]
[EventDate "2024.09.11"]
[WhiteTeam "Uruguay"]
[BlackTeam "Malta"]
[WhiteTeamCountry "URU"]
[BlackTeamCountry "MLT"]

1. e4 {Ftacnik,Lubomir} g6 2. d4 d6 3. f4 Bg7 4. Nf3 Bg4 5. c3 Nd7 6. e5 ({RR} 6. Bc4 e6 7. O-O ({RR} 7. h3 Bxf3 8. Qxf3 Nb6 ({RR} 8... c6 9. f5 exf5 10. O-O d5 11. exd5 cxd5 12. Qxd5 Qe7 13. Qxb7 Rb8 14. Qxa7 Ngf6 15. Bf4 O-O 16. Nd2 Ra8 17. Qb7 Nh5 18. Rae1) 9. Bd3 d5 10. e5 Bf8 11. Be3 h5 12. g3 Qd7 13. Nd2 c5 14. dxc5 Na4 15. b4 Nxc3 16. O-O Qa4 17. a3 a5 18. Rfc1 axb4 19. Qf1 Ra5 20. axb4) ({RR} 7. Be3 Ngf6 8. Nbd2 d5 9. Bd3 dxe4 10. Nxe4 Nd5 11. Bd2 Qe7 12. h3 Bxf3 13. Qxf3 O-O 14. h4 c5 15. Nxc5 Nxc5 16. dxc5 Qxc5 17. h5 Rfd8 18. hxg6 hxg6 19. g4 Rac8 20. Kf1 Rd6 21. Re1 Rcd8) ({RR} 7. f5 exf5 8. Qb3 Qe7 9. Ng5 fxe4 10. Nxf7 Kf8 11. Nxh8 Bxh8 12. Bxg8 Nf6 13. O-O) 7... Ne7 ({RR} 7... Nb6 8. Bd3 d5 9. e5 Ne7 10. a4 a5 11. Na3 Qd7 12. b3 O-O 13. Nc2 Rac8 14. Ne3 Bxf3 15. Rxf3 c5 16. Bb5 Qd8 17. Bd2 cxd4 18. cxd4 Na8 19. Qe1 b6 20. Ba6 Rc7 21. b4 Nc6 22. bxa5) ({RR} 7... c6 8. Nbd2 ({RR} 8. f5 gxf5 9. h3 fxe4 10. hxg4 exf3 11. Qxf3 Qe7 12. b4 d5 13. Bb3 f6 14. b5 h5 15. bxc6 bxc6 16. g5 f5 17. Qf4 Nf8 18. Ba3 Qd7 19. Re1 Ne7 20. Nd2) 8... Qc7 9. b4 Ngf6 10. Bd3 Nh5 11. Nb3 Nxf4 12. Bxf4 O-O 13. Qe1 e5 14. dxe5 Bxf3 15. Rxf3 Nxe5 16. Rh3 Nxd3 17. Qh4 h5 18. Rxd3) 8. Qe1 ({RR} 8. h3 Bxf3 9. Qxf3 O-O 10. e5 ({RR} 10. f5 exf5 11. Bg5 Kh8 12. Bxe7 Qxe7 13. exf5 c6 14. Nd2 Rae8 15. Rf2 d5 16. Bd3 Qe3 17. Nf1 Qxf3 18. Rxf3 Bh6 19. Ng3 Re7) 10... d5 11. Bd3 c5 12. Be3 Qb6 13. Qf2 c4 14. Be2 Qxb2 15. Nd2 Qxc3 16. Nf3 Qa5 17. g4 f6 18. Qh4 g5 19. Qh5 gxf4 20. Bxf4 Ng6) ({RR} 8. Be3 O-O 9. Nbd2 c5 10. h3 cxd4 11. cxd4 Bxf3 12. Qxf3 Nb6 13. Bb3 d5 14. e5 Qd7 15. Rfc1 Rfc8 16. Rc5 Rxc5 17. dxc5 Na4 18. Bxa4 Qxa4) ({RR} 8. Bb3 O-O 9. Be3 d5 10. e5 Nf5 11. Bf2 f6 12. Nbd2 Bh6 13. g3 fxe5 14. dxe5 g5 15. c4 c6 16. cxd5 cxd5 17. fxg5 Bxg5 18. Nxg5 Qxg5 19. Nf3 Qh5 20. Bxd5 exd5 21. Qxd5+ Kh8) 8... O-O 9. Bb3 ({RR} 9. Nbd2 c5 10. Bb3 cxd4 11. Nxd4 Nc5 12. Bc2 e5) 9... Bxf3 10. Rxf3 c5 11. Be3 cxd4 12. cxd4 ({RR} 12. Bxd4 Bxd4+ 13. cxd4 Qb6 14. Kh1 Qxd4 15. Nc3) 12... Nf6 13. Nc3 Ng4 14. Rd1 Qb6 ({RR} 14... d5 15. e5 Nxe3 16. Qxe3 Rc8) 15. Na4 ({RR} 15. Bf2 Nc6 16. e5 Nxf2 17. Qxf2) 15... Qa6 ({RR} 15... Qc7 16. Bc1 b5 17. Nc3 b4 18. Na4 Nf6) 16. Bc1 b5 ({RR} 16... Nc6 17. e5 Rad8 18. h3 Nh6) 17. Nc3 Qb6 ({RR} 17... b4 18. Ne2 Qb7 19. e5 Nh6) 18. Qh4 Nf6 ({RR} 18... h5 19. Qxe7 Bf6 20. Qd7 a6 21. Bxe6 Bxd4+ ({RR} 21... Rad8 22. Bxg4) 22. Kh1 Nf6 23. Bxf7+ Rxf7 24. Qh3 Bxc3 25. Be3 Qc6 26. bxc3) ({RR} 18... Bxd4+ 19. Kh1 Nf2+ 20. Rxf2 Bxf2 21. Qxe7 b4 22. Na4 Qd8 23. Qg5) 19. g4 Qb7 20. Rh3 h5 {1-0 Quillan,G (2340)-Dubov,D (2694) Gibraltar Masters 16th 2018 (1)} ({RR} 20... h6 21. e5 dxe5 22. dxe5 Nh7 23. f5 gxf5 24. Bxh6 Ng6 25. Qh5 fxg4 26. Qxg4)) ({RR} 6. Nbd2 e5 7. h3 Bxf3 8. Nxf3 Qe7 9. Bd3 O-O-O 10. O-O f5 11. Re1 fxe4 12. Bxe4 c6 13. fxe5 dxe5 14. Qa4 Kb8 15. dxe5 Bh6 16. b4 Bxc1 17. Raxc1 Nh6 18. Nd4 Nb6 19. Qb3 Nf7 20. e6 Ne5 {½-½ Saydaliev,S (2445)-Timofeev,A (2564) Aeroflot Open A 2024 (9.13)}) 6... e6 $146 ({RR} 6... c6 7. Bc4 Nh6 8. h3 Bxf3 9. Qxf3 Nb6 10. Bb3 e6 11. Nd2 d5 12. Bc2 O-O 13. Nb3 f6 14. Nc5 Qe7 15. Qe2 fxe5 16. fxe5 Qh4+ 17. Kd1 Qe7 18. Bxh6 Bxh6 19. Qg4 Rae8 20. Bxg6 hxg6 21. Qxg6+ {½-½ Viken,S-Kristiansen,A Klubbmesterskap 1999 (5)}) 7. Nbd2 Ne7 8. Bd3 Nd5 9. Ne4 Qe7 10. h3 Bf5 11. g4 Bxe4 12. Bxe4 O-O-O 13. Bd2 dxe5 14. fxe5 N7b6 15. Qe2 c6 16. O-O-O f6 17. exf6 Bxf6 18. Rde1 Rhe8 19. h4 c5 20. Kb1 c4 21. g5 Bg7 22. h5 Qf7 23. hxg6 hxg6 24. Rhf1 Qc7 25. Bxg6 Re7 26. Ne5 Bxe5 27. Qxe5 Qxe5 28. Rxe5 Nd7 29. Ree1 Rf8 30. Rxf8+ Nxf8 31. Be4 Kd7 32. b3 b5 33. Rg1 Rg7 34. Kb2 Ng6 35. Rh1 Kd6 36. Rh6 Nde7 37. bxc4 bxc4 38. Ka3 Nf5 39. Kb4 Nxh6 40. gxh6 Rg8 41. Bxg6 Kd5 42. h7 Rb8+ 43. Ka3 e5 44. Bf7+ Kd6 45. dxe5+ Kxe5 46. Bg8 1-0

[Event "Olympiad Women 2024"]
[Site "Budapest HUN"]
[Date "2024.09.22"]
[Round "11.53"]
[Board "2"]
[White "Thornton, Filipina"]
[Black "Silva Rosas, Natalia"]
[Result "1-0"]
[WhiteElo "1768"]
[BlackElo "1868"]
[PlyCount "85"]
[EventDate "2024.09.11"]
[WhiteTeam "Malta"]
[BlackTeam "Uruguay"]
[WhiteTeamCountry "MLT"]
[BlackTeamCountry "URU"]

1. e4 c5 2. Nf3 e6 3. d4 cxd4 4. Nxd4 a6 5. Nc3 Qc7 6. Bd3 Nf6 7. Qf3 ({RR} 7. Bg5 Bc5 8. Nb3 Be7 9. Qe2 d6 10. O-O Nc6 11. Rae1 Bd7 12. Kh1 b5 13. a3 Rc8 14. Bc1 Ne5 15. f4 Nxd3 16. cxd3 O-O 17. g4 Bc6 18. g5 Nd7 19. Nd4 g6 20. Nxc6 Qxc6 21. d4 Qc4 {0-1 Jakubowski,K (2502)-Laznicka,V (2688) CZE-chT 1011 2010 (4.2)}) 7... Bd6 $146 ({RR} 7... d6 8. O-O Nbd7 9. Re1 Be7 10. Qg3 O-O 11. Bh6 Nh5 12. Qg4 Ndf6 13. Qg5 Kh8 14. g4 gxh6 15. Qxh6 Rg8 16. h3 Bf8 17. Qe3 Nd7 18. Kh1 Nhf6 19. Qg3 b5 20. Qh4 Be7 21. g5 Ne8 22. e5 {0-1 Rogasch,M (1380)-Kaphle,S (2028) Saarbruecken-chT U20 2006 (1.6)}) ({RR} 7... Nc6 8. Nb3 Ne5 9. Qg3 d6 10. f4 Nxd3+ 11. cxd3 b5 12. Be3 b4 13. Na4 Rb8 14. Rc1 Qd8 15. O-O Bd7 16. Nb6 Rxb6 17. Bxb6 Qxb6+ 18. Qf2 Qxf2+ 19. Kxf2 Be7 20. h3 h5 21. Ke3 Bd8 22. d4 {0-1 Garcia Correa,J (2103)-Onoprijchuk,B (2385) Titled Tue 6th Feb Early 2024 (7)}) ({RR} 7... b5 8. O-O Bb7 9. Bf4 e5 10. Bg3 d6 11. Nf5 g6 12. Ne3 Bg7 13. Bh4 Nbd7 14. Ned5 Nxd5 15. Nxd5 Bxd5 16. exd5 f5 17. Rfe1 O-O 18. Qh3 e4 {0-1 Serokurov,I-Kretov,A RUS Central Region-ch U12 2004}) ({RR} 7... d6 8. Bd2 Bd7 9. g4 Nc6 10. Nxc6 Bxc6 11. O-O-O O-O-O 12. h3 Ne8 13. Qe2 g6 14. Nb1 Bg7 15. Qe1 Qb6 16. b3 Qa7 17. c4 Rd7 18. Rf1 Nc7 19. f4 Bd4 20. f5 Bb6 21. Rf3 Re7 22. Qh4 {½-½ Gonzalo Gonzalez,F (1761)-Leniz Martinez,F (1845) ESP-ch Veterans 2010 (3)}) 8. Bg5 Be5 9. Nde2 Nc6 10. Be3 b5 11. a3 Bb7 12. Qh3 Qa5 13. O-O Bb8 14. f4 d6 15. Kh1 Qc7 16. f5 Bc8 17. Nf4 Qe7 18. Rae1 Ne5 19. fxe6 Bxe6 20. Nxe6 Qxe6 21. Qh4 Ng6 22. Qf2 Ng4 23. Qd2 Nxe3 24. Rxe3 Ba7 25. Rg3 O-O 26. Nd5 Rac8 27. Qg5 f6 28. Qh5 Qe5 29. Qh3 Rc5 30. b4 Rcc8 31. Qd7 Bd4 32. Rxg6 hxg6 33. Ne7+ Qxe7 34. Qxe7 Rce8 35. Qxd6 Be5 36. Qxa6 Kh7 37. Qxb5 g5 38. Qd7 Rh8 39. Bc4 Rd8 40. Qh3+ Kg6 41. Qf5+ Kh5 42. Bf7+ Kh4 43. g4 1-0

[Event "Olympiad Women 2024"]
[Site "Budapest HUN"]
[Date "2024.09.22"]
[Round "11.53"]
[Board "3"]
[White "Cardozo, Camila"]
[Black "Stagno, Milena"]
[Result "1/2-1/2"]
[WhiteElo "1673"]
[BlackElo "1664"]
[PlyCount "66"]
[EventDate "2024.09.11"]
[WhiteTeam "Uruguay"]
[BlackTeam "Malta"]
[WhiteTeamCountry "URU"]
[BlackTeamCountry "MLT"]

1. d4 d5 2. Bf4 Nf6 3. e3 c5 4. Nf3 Nc6 5. Nbd2 Bg4 6. c3 e6 7. h3 Bf5 ({RR} 7... Bxf3 8. Nxf3 Bd6 9. dxc5 Bxc5 10. Bb5 O-O 11. O-O Ne7 12. Rc1 Ng6 13. Bh2 Bd6 14. Bxd6 Qxd6 15. Be2 Rfd8 16. c4 Qb6 17. Qc2 Rac8 18. Qb1 Ne7 19. Rfd1 Nf5 20. Bd3 dxc4 21. Bxf5 exf5 22. Rxd8+ {1-0 Le,Q (2709)-Xiong,J (2709) FIDE Steinitz Memorial blitz 2020 (13)}) 8. g4 Bg6 9. Nh4 ({RR} 9. Bb5 Nd7 10. Qa4 Qc8 11. Ne5 Ncxe5 12. Bxe5 a6 13. Bxd7+ Qxd7 14. Qxd7+ Kxd7 15. h4 f6 16. h5 Bd3 17. Bg3 h6 18. f3 b5 19. Kf2 b4 20. cxb4 cxd4 21. Rhc1 Ra7 22. exd4 Bxb4 23. Ke3 Bb5 {0-1 Gupta,A (2628)-Gukesh,D (2614) MPL Indian Chess Tour N1 rapid 2022 (2)}) ({RR} 9. Ne5 Nxe5 10. dxe5 Nd7 11. c4 d4 12. Bg2 Qb6 13. Qb3 h5 14. O-O hxg4 15. hxg4 O-O-O 16. Ne4 Be7 17. Rfd1 Rh4 18. g5 Rdh8 19. Ng3 d3 20. Rxd3 Bxd3 21. Qxd3 Rd8 22. Qc2 Nb8 23. b3 g6 {0-1 Novikov,E (2276)-Liu,C (2316) Titled Tue 30th Jul Late 2024 (5)}) ({RR} 9. Bg2 cxd4 10. exd4 Bd6 11. Ne5 Bxe5 12. dxe5 Nd7 13. Nf3 Qc7 14. O-O Ndxe5 15. Nxe5 Nxe5 16. Qa4+ Qd7 17. Qd4 f6 18. Bxe5 fxe5 19. Qxe5 O-O 20. Rfe1 Rae8 21. Rad1 Qf7 22. Rd2 Qf4 23. Rde2 Qxe5 {1-0 Cardozo,C (1577)-Varela,M 6th Marcel Duchamp Cup 2023 (2.64)}) 9... Be4 10. f3 $146 Nh5 11. Ng2 Nxf4 12. fxe4 Nxg2+ 13. Bxg2 Qh4+ 14. Kf1 Qg5 15. Qe2 cxd4 16. exd5 exd5 17. exd4+ Be7 18. Nf3 Qg6 19. Ne5 Qf6+ 20. Bf3 Rd8 21. Nxc6 bxc6 22. Re1 O-O 23. Kg2 Bd6 24. Qf2 Rde8 25. Be2 Qg6 26. Bd1 Bc7 27. Bc2 Qg5 28. Bf5 Qd8 29. Rhf1 Qd6 30. Kg1 g6 31. Rxe8 Rxe8 32. Bb1 Qg3+ 33. Qxg3 Bxg3 1/2-1/2

[Event "Olympiad Women 2024"]
[Site "Budapest HUN"]
[Date "2024.09.22"]
[Round "11.53"]
[Board "4"]
[White "Portelli, Martina"]
[Black "Altesor, Caterina"]
[Result "0-1"]
[WhiteElo "1523"]
[BlackElo "1741"]
[PlyCount "104"]
[EventDate "2024.09.11"]
[WhiteTeam "Malta"]
[BlackTeam "Uruguay"]
[WhiteTeamCountry "MLT"]
[BlackTeamCountry "URU"]

1. e4 {Molner,Mackenzie Kritz,Leonid} e5 2. Nf3 Nc6 3. Bc4 Bc5 ({RR} 3... Nf6 4. d3 ({RR} 4. Ng5 d5 5. exd5 Na5 6. Bb5+ c6 7. dxc6 bxc6 8. Be2 h6 9. Nf3 e4 10. Ne5 Qd4 11. f4 Bc5) 4... Be7 5. O-O O-O 6. Re1 d6 7. a4 Be6 8. a5 a6) 4. c3 Nf6 5. d3 ({RR} 5. d4 exd4 6. cxd4 Bb4+ 7. Bd2 ({RR} 7. Nc3 Nxe4 8. O-O Bxc3 9. d5 Bf6 10. Re1 Ne7 11. Rxe4 d6 12. Bg5 Bxg5 13. Nxg5 h6 14. Qe2 hxg5 15. Re1 Be6 16. dxe6 f6) 7... Bxd2+ 8. Nbxd2 d5 9. exd5 Nxd5 10. Qb3 Na5 ({RR} 10... Nce7 11. O-O O-O 12. Rfe1 c6 13. Ne4 Nb6 14. Bd3 Ned5 15. Nc5) 11. Qa4+ Nc6 12. Qb3) 5... d6 6. O-O a6 7. Bb3 h6 8. h3 O-O 9. Re1 Ba7 10. Nbd2 Be6 ({RR} 10... Ne7 11. Nf1 Ng6 12. Ng3 Re8 13. d4) ({RR} 10... Nh5 11. Nf1 ({RR} 11. Nxe5 Nxe5 12. Qxh5 Nxd3) 11... Qf6 12. Be3 Nf4 13. Ng3 g6 14. d4) 11. Bc2 ({RR} 11. Nf1 Re8 12. Ng3 d5 ({RR} 12... Bxb3 13. Qxb3 Rb8 14. Nf5 d5 15. Qc2 Qd7 16. N3h4 Re6 17. Qe2 dxe4 18. dxe4 Rd8 19. Qf3 Qd3) 13. Bd2 dxe4 14. dxe4 Bxb3 15. Qxb3 Qd7 16. Rad1 Qe6 17. Qxe6 ({RR} 17. Qxb7 Bb6) 17... Rxe6 18. Be3 Bxe3 19. Rxe3 g6) 11... Ne7 ({RR} 11... Re8 12. Nh2 ({RR} 12. Nf1 d5 13. exd5 Qxd5 14. Qe2 Rad8 15. Ng3 Bc5 16. Nh4 Bf8) 12... d5 13. Qf3 dxe4 ({RR} 13... d4 14. Ndf1 Qe7 15. Ng3 Rad8 16. c4 b5 17. cxb5 Nb4 18. Bb1 axb5 19. a3 Na6 20. Nf5 Bxf5 21. Qxf5 Nc5 22. Bc2 Nb7 23. Qf3 c5 24. a4 b4 25. Nf1 c4 26. dxc4 Nc5) 14. dxe4 ({RR} 14. Nxe4 Nxe4 15. dxe4 Ne7 16. Rd1 Qc8 17. Ng4 Ng6) 14... Ne7 15. Ndf1 Ng6 16. Be3 ({RR} 16. Ng3 c6 17. Rd1 ({RR} 17. Nf5 Bxf5 18. exf5 ({RR} 18. Qxf5 Nh4) 18... e4 19. Qe2 Nh4) 17... Qa5 18. Bd2 ({RR} 18. Bxh6 Nh4) ({RR} 18. b4 Qc7 19. Ng4 Nxg4 20. hxg4 c5) 18... Rad8) 16... Bxe3 17. Nxe3 c6 18. Nf5 Bxf5 19. exf5 ({RR} 19. Qxf5 Nh4) 19... Nf4 20. Rad1 Qc7 21. Ng4 N4h5 ({RR} 21... Nxg4 22. Qxg4 ({RR} 22. hxg4 Nd5) 22... Nd5 23. Bb3 Rad8 24. Bxd5 cxd5 25. f6 g6 26. Qh4 Qb6) 22. Re3 Nxg4 23. hxg4 Nf6 24. Qg3 Rad8 25. Rde1 Rd2 26. Bb3 {½-½ Radjabov,T (2761)-Carlsen,M (2776) Linares 26th 2009 (7)} {RR} Rxb2 27. g5 hxg5 28. Qxg5 Nh7 29. Qh4 Qe7 30. Qh5 Nf6 31. Rxe5 Qxe5 ({RR} 31... Nxh5 32. Rxe7 Rxe7 33. Rxe7) 32. Rxe5 Rxe5 33. Qxf7+) 12. d4 Ng6 13. Nf1 Nh5 $146 ({RR} 13... c6 14. Ng3 Re8 15. Nf5 Qc7 16. dxe5 dxe5 17. N3h4 Nxh4 18. Nxh4 Nh7 19. Qf3 Rad8 20. Nf5 Bxf5 21. Qxf5 Re6 22. Qg4 Rg6 23. Qh4 Nf8 24. Be3 Bxe3 25. Rxe3 Rd2 26. Bb3 Rf6 27. Rf1 Ng6 28. Qg4 {0-1 Mekhitarian,K (2511)-Wu,S (2455) WMSG Blitz Team 1st 2008 (7)}) ({RR} 13... c6 14. Ng3 Re8 15. a4 a5 16. Be3 Qc7 17. Qd2 Kh7 18. Rad1 Rad8 19. Qc1 Bb8 20. b3 b5 21. axb5 cxb5 22. d5 Bc8 23. Qd2 Ba7 24. Bd3 Bxe3 25. fxe3 Bd7 26. Ra1 Ra8 27. Rec1 Rec8 28. Kh2 {1-0 Thing,B (2283)-Do Valle Cardoso,L (2371) Titled Tue 14th May Early 2024 (10)}) ({RR} 13... c6 14. Be3 Qc7 15. Ng3 c5 16. Qd2 Rfd8 17. Nf5 d5 18. Bxh6 ({RR} 18. Nxg7 Kxg7 19. Bxh6+ Kh8 20. exd5 Rxd5 21. Bxg6 fxg6 22. Nxe5 Rg8 23. Qg5) 18... Nxe4 19. Bxe4 dxe4 20. Nxg7 exf3 21. Qg5 ({RR} 21. Nh5) 21... Qe7 22. Nxe6 Qxg5 ({RR} 22... Qxe6 23. Rxe5 Qd6 24. Rae1 Kh7 25. Qh5) 23. Nxg5 fxg2 ({RR} 23... exd4) 24. dxe5 Re8 25. e6 fxe6 26. Nxe6 c4 27. Re4 Re7 28. Kxg2 {1-0 Shen,A (2339)-Liang,A (2404) USA-ch U16 Saint Louis 2015 (4)}) ({RR} 13... c5 14. Be3) ({RR} 13... c6 14. Ng3 Qc7 15. Nf5 Rfe8 16. Nh2 Bxf5 17. exf5 Nf8 18. Ng4 N8h7 19. Be3 exd4 20. cxd4 d5 21. Ne5 c5 22. Rc1 cxd4 23. Bxd4 Bxd4 24. Qxd4 Qd6 25. Nc4 Qb4 26. Rxe8+ Rxe8 27. Qd1 dxc4 {0-1 Manakova,M (2238)-Batsiashvili,N (2447) Wch Blitz (Women) 2019 (3)}) 14. d5 Bd7 15. Nxe5 Qh4 16. Nd3 Bb5 17. Be3 Bxe3 18. Nxe3 Bd7 19. Nf5 Qg5 20. Qf3 Bxf5 21. Qxf5 Qxf5 22. exf5 Nh4 23. Re7 Rac8 24. Re4 Nxf5 25. g4 Nf6 26. Rb4 Ne7 27. Rxb7 Nexd5 28. Nb4 Nxb4 29. Rxb4 Rfe8 30. Bd3 Rb8 31. Rxb8 Rxb8 32. Bxa6 Rxb2 33. a4 Ne4 34. a5 Nxc3 35. Bd3 Rb7 36. Re1 Kf8 37. a6 Ra7 38. Rc1 Na4 39. Bb5 Nc5 40. Re1 Ne6 41. Ra1 Nd4 42. Bd7 Ke7 43. Bc8 Kd8 44. Bb7 Kd7 45. Kf1 Nb3 46. Ra2 Nc5 47. Rb2 Nxa6 48. Bxa6 Rxa6 49. Ke2 Rb6 50. Rc2 Rb3 51. f3 c5 52. Rc4 Rb4 0-1

[Event "Olympiad Women 2024"]
[Site "Budapest HUN"]
[Date "2024.09.22"]
[Round "11.54"]
[Board "1"]
[White "Hamadeh, Sally"]
[Black "Johnson, Gabriella"]
[Result "0-1"]
[WhiteElo "1557"]
[BlackElo "1896"]
[PlyCount "106"]
[EventDate "2024.09.11"]
[WhiteTeam "Lebanon"]
[BlackTeam "Trinidad & Tobago"]
[WhiteTeamCountry "LBN"]

1. e4 e5 2. Nf3 Nc6 3. Bc4 Nf6 4. d3 Be7 5. Nc3 d6 6. a4 O-O 7. O-O Be6 ({RR} 7... h6 8. h3 Be6 9. Bxe6 fxe6 10. Ne2 a5 11. Ng3 Qe8 12. c3 Qf7 13. Be3 Kh8 14. Nh2 d5 15. Qe2 Rad8 16. Rad1 Qg6 17. Nf3 Nd7 18. Kh2 Rf7 19. Qc2 Rdf8 20. Qb3 d4 21. Bc1 Nc5 22. Qc2 {0-1 Vachier Lagrave,M (2784)-Dubov,D (2702) Airthings Masters KO rapid 2020 (3.11)}) 8. Nd5 h6 $146 ({RR} 8... Bxd5 9. exd5 Nb4 10. d4 Nbxd5 11. dxe5 dxe5 12. Nxe5 c6 13. Re1 Qc7 14. g3 Rfe8 15. Nd3 Bd6 16. Rxe8+ Rxe8 17. Bd2 Ne4 18. Bxd5 cxd5 19. Be3 a5 20. c3 Qc4 21. Bd4 Ng5 22. Qg4 h6 23. f4 {½-½ Dominguez Perez,L (2756)-Dubov,D (2711) Berlin FIDE GP 3 Pool-B 2022 (4)}) ({RR} 8... Bxd5 9. exd5 Nb4 10. d4 Re8 11. dxe5 dxe5 12. Nxe5 Bd6 13. Nf3 Nbxd5 14. Bg5 Qd7 15. a5 h6 16. Bh4 c6 17. Bxd5 Nxd5 18. c4 Nf4 19. Bg3 Ne2+ 20. Kh1 Nxg3+ 21. fxg3 Rad8 22. Qa4 a6 23. b4 {½-½ Mamedov,R (2651)-Martirosyan,H (2678) Chessable Masters Play-In 2024 (5)}) ({RR} 8... Bxd5 9. exd5 Nd4 10. Nxd4 exd4 11. b4 Nd7 12. Bb2 Bf6 13. Re1 Re8 14. Re4 a5 15. bxa5 Nc5 16. Rxe8+ Qxe8 17. Qd2 Nxa4 18. Qb4 Nxb2 19. Qxb2 Rxa5 20. g3 Rxa1+ 21. Qxa1 g5 22. Qa5 Qc8 23. Qe1 {0-1 Egilstoft,R (2311)-Bai,A (2398) Slovakia Chess Open 2023 (3.12)}) 9. Bd2 Qd7 10. c3 Bg4 11. Ne3 Bh5 12. Nf5 Nh7 13. Kh1 Bg5 14. Rg1 Bg4 15. Ng3 Kh8 16. h3 Bxf3 17. Qxf3 Bxd2 18. h4 g6 19. Rad1 Qe7 20. Qg4 Bf4 21. Ne2 h5 22. Qh3 Nf6 23. g3 Bh6 24. f3 Kg7 25. g4 Be3 26. Rg2 Rh8 27. Rf1 hxg4 28. fxg4 Rxh4 29. Qxh4 Rh8 30. Qxh8+ Kxh8 31. g5 Bxg5 32. Rxg5 Nxe4 33. Rg2 Ng5 34. Ng3 Nd8 35. Rgf2 Kg7 36. Kg2 c6 37. Bb3 d5 38. d4 e4 39. Re2 Qe6 40. Bc2 Qh3+ 41. Kf2 Qh2+ 42. Ke1 Qxg3+ 43. Kd1 Qg4 44. Ke1 Nf3+ 45. Kd1 Ng1 46. Rfe1 Ne6 47. Kd2 Nxe2 48. Rxe2 f5 49. Bd1 Qg5+ 50. Kc2 f4 51. Re1 f3 52. b4 Nf4 53. Kb2 Nd3+ 0-1

[Event "Olympiad Women 2024"]
[Site "Budapest HUN"]
[Date "2024.09.22"]
[Round "11.54"]
[Board "2"]
[White "Hermoso Rodriguez, Ysvett"]
[Black "Attieh, Skye"]
[Result "1/2-1/2"]
[WhiteElo "1943"]
[BlackElo "1675"]
[PlyCount "67"]
[EventDate "2024.09.11"]
[WhiteTeam "Trinidad & Tobago"]
[BlackTeam "Lebanon"]
[BlackTeamCountry "LBN"]

1. e4 e6 2. d3 d5 3. Nd2 Nf6 4. g3 c5 5. Bg2 Nc6 6. Ngf3 Be7 7. O-O O-O 8. e5 Nd7 9. Re1 Qc7 10. Qe2 b6 11. Nf1 Bb7 12. Bf4 Rac8 ({RR} 12... Rfe8 13. h4 Nf8 14. h5 h6 15. N1h2 d4 16. c4 dxc3 17. bxc3 Rad8 18. Ng4 Qd7 19. Rad1 Nh7 20. Qe3 Bf8 21. Qc1 Ne7 22. Nd2 Bxg2 23. Kxg2 Nd5 24. Ne4 Nxf4+ 25. Qxf4 Be7 26. d4 Bg5 27. Qf3 {1-0 Kasparov,G (2785)-Mehteridis,I Corfu sim 1996}) 13. c3 ({RR} 13. h4 Rfe8 14. h5 h6 15. N1h2 d4 16. Ng4 Bf8 17. Qd2 Ne7 18. Nf6+ Kh8 19. Nxe8 Rxe8 20. Nh4 Bxg2 21. Kxg2 Nd5 22. Qe2 b5 23. Kh2 Qd8 24. Ng2 Qc7 25. a4 a6 26. axb5 axb5 27. Bd2 c4 {1-0 Gubajdullin,A (2244)-Ismayil,M (2200) Titled Tue 19th Mar Early 2024 (10)}) 13... Rfd8 14. g4 $146 ({RR} 14. h4 b5 15. h5 d4 16. h6 g6 17. Ng5 c4 18. Rad1 cxd3 19. Rxd3 Nc5 20. Rdd1 dxc3 21. Rxd8+ Qxd8 22. Rd1 Qa5 23. bxc3 Qxc3 24. Nf3 Qc4 25. Qxc4 bxc4 26. Rc1 Ba6 27. Ne3 Nd3 28. Rd1 Ncb4 {0-1 Porubszki,G-Ceresoli,L Caorle op 1984 (6)}) ({RR} 14. h4 Bf8 15. Bh3 Ne7 16. d4 h6 17. N1h2 Ng6 18. h5 Nxf4 19. gxf4 Be7 20. Kh1 Kh8 21. Rg1 cxd4 22. Nxd4 Qc4 23. Qe3 Rc7 24. f5 exf5 25. Rxg7 Kxg7 26. Nxf5+ Kf8 27. Qxh6+ Ke8 28. Ng7+ {1-0 McLaren,B-Forbes,G Remembrance Day op 1978}) 14... b5 15. Rac1 Nb6 16. b3 a5 17. h4 c4 18. Be3 Nd7 19. dxc4 bxc4 20. N1d2 Ba3 21. Rb1 Ba6 22. bxc4 Ncxe5 23. Bf4 Nxf3+ 24. Qxf3 e5 25. Bg3 dxc4 26. Ne4 Be7 27. g5 Rb8 28. Qf5 Bc8 29. Qf3 Rf8 30. h5 Bb7 31. Qf5 Bc8 32. Qf3 Bb7 33. Qf5 Bc8 34. Qf3 1/2-1/2

[Event "Olympiad Women 2024"]
[Site "Budapest HUN"]
[Date "2024.09.22"]
[Round "11.54"]
[Board "3"]
[White "Al Asmar, Remy"]
[Black "La Fleur, Zara"]
[Result "1/2-1/2"]
[WhiteElo "1661"]
[BlackElo "1773"]
[PlyCount "108"]
[EventDate "2024.09.11"]
[WhiteTeam "Lebanon"]
[BlackTeam "Trinidad & Tobago"]
[WhiteTeamCountry "LBN"]

1. d4 d5 2. Nf3 Nf6 3. g3 Bf5 4. Bg2 e6 5. O-O Bd6 6. c4 c6 7. Nbd2 h6 ({RR} 7... O-O 8. b3 Nbd7 9. Nh4 Bg4 10. Bb2 Re8 11. Re1 a5 12. a3 Qe7 13. Qc2 e5 14. h3 Be6 15. dxe5 Bxe5 16. cxd5 Nxd5 17. Nc4 Bxb2 18. Qxb2 b5 19. Ne5 Qf6 20. Nd3 Qxb2 21. Nxb2 b4 22. Nc4 {1-0 Erigaisi,A (2675)-Muradli,M (2537) Junior Speed Qual blitz 2022 (2.35)}) 8. Qb3 $146 ({RR} 8. Re1 O-O 9. Nh4 Bh7 10. e4 Nxe4 11. Nxe4 Bxe4 12. Bxe4 dxe4 13. Rxe4 Nd7 14. b3 Nf6 15. Re2 Be7 16. Bb2 Nd7 17. Nf3 a5 18. Qe1 Bf6 19. Rd1 Nb6 20. Bc3 Nc8 21. Ne5 a4 22. h4 axb3 {1-0 Neves,J (1375)-Rasskazov,D (1155) Merida World Heritage op 2nd 2022 (5)}) ({RR} 8. Re1 O-O 9. b3 Nbd7 10. Bb2 Qc7 11. Rc1 Ne4 12. cxd5 exd5 13. Nh4 Bh7 14. Nxe4 dxe4 15. Bh3 Nf6 16. e3 Qa5 17. Bc3 Qd5 18. Bf1 Qe6 19. Rc2 g5 20. Ng2 Bg6 21. Be2 Nd5 22. Bd2 f5 {1-0 Frempong-Smart Daniel (1863)-Mtsetfwa Philani (1688) 45th Olympiad 2024 (3.78)}) ({RR} 8. b3 O-O 9. Bb2 Ne4 10. Nxe4 Bxe4 11. Nd2 Bxg2 12. Kxg2 f5 13. e3 Nd7 14. Qc2 Nf6 15. f3 Bb4 16. Bc3 Bxc3 17. Qxc3 Rf7 18. Rae1 Qd7 19. cxd5 exd5 20. b4 Re7 21. Nb3 Rae8 22. Nc5 Qc8 {½-½ Andi,P (2230)-Repasi,Z (2315) HUN-chT2 Hungary 1997 (10)}) ({RR} 8. Re1 O-O 9. Nh4 Bh7 10. e4 dxe4 11. Nxe4 Nxe4 12. Bxe4 Bxe4 13. Rxe4 Nd7 14. b3 Nf6 15. Re2 Qa5 16. Bd2 Qh5 17. Re1 Qxd1 18. Raxd1 c5 19. d5 exd5 20. cxd5 Rfe8 21. Bc3 a6 22. Nf5 Bf8 {0-1 Stroganov,A (1890)-Demidov,V (2084) Nebug Rating op 2013 (7)}) 8... Qc8 9. Re1 O-O 10. Ne5 Nbd7 11. Nd3 b6 12. Qc3 c5 13. cxd5 exd5 14. dxc5 Nxc5 15. Nxc5 Bxc5 16. Nb3 Be4 17. Nxc5 Bxg2 18. Kxg2 Qxc5 19. Be3 Qxc3 20. bxc3 Rac8 21. Rac1 Ne4 22. Bd4 Rc4 23. f3 Nd6 24. Red1 Nb5 25. Rd3 Re8 26. Kf2 Rec8 27. Rcd1 Ra4 28. R1d2 Rac4 29. Be5 Nxc3 30. Bxc3 Rxc3 31. Rxd5 Kf8 32. Rd7 R3c7 33. h4 Ke8 34. R7d5 Rc2 35. g4 Rxd2 36. Rxd2 Rc5 37. Rd3 Ra5 38. a3 Ra4 39. Kg3 Rc4 40. e4 b5 41. Rd5 a6 42. Rd6 Ra4 43. Rd3 Ke7 44. Kf4 Rc4 45. Ke3 Ke6 46. h5 a5 47. Rd5 Rc3+ 48. Kf4 Rxa3 49. Rxb5 a4 50. Ra5 Ra1 51. Ra6+ Ke7 52. Ra7+ Ke6 53. Ra6+ Ke7 54. Ra7+ Ke6 1/2-1/2